00805nam a2200241 i 45000010005000000030009000050050017000140080041000310150017000720200015000890400027001040410013001310800013001440800008001571000152001652450062003172460046003792600071004256500021004966500019005179420012005369990015005489171KOSZ 00520180427112920.0060217s2005 pl a |000 0 pol  aPB 2006/4658 a8373650970 aKOSZ005/HRcKOSZ005/HR0 apolbeng a658.1/.5 a005 aWAŚCIŃSKI, Tadeusz.bPolitechnika Koszalińska - Wydział Ekonomii i Zarządzania,cKatedra Mikroekonomii i Ekonomii Stosowanejd1997 - 2006.00aMenedżer XXI wieku /cred. nauk. Tadeusz Waściński.3 aMenedżer dwudziestego pierwszego wieku. aKoszalin :bWydaw. Uczelniane Politechniki Koszalińskiej,c2005. 0aMenedżerowie.  0aZarządzanie. 2UKDcKS c9171d9171